Cytaty z pieśni polskich - Statystyki

Ogólne statystyki
  • Ten quiz został rozwiązany 1 419 razy
  • Średni wynik to 3 z 9
Statystyki odpowiedzi
Cytat Tytuł pieśni % Poprawnych
Jeszcze Polska nie zginęła, kiedy my żyjemy! Mazurek Dąbrowskiego
99%
Nie rzucim ziemi, skąd nasz ród! Rota
89%
Legiony to żołnierska nuta, legiony to skazańców głos. My, pierwsza brygada
52%
Ojczyznę wolną racz nam wrócić, Panie Boże, coś polskę
34%
I poszli, jak zawsze uparci, jak zawsze za honor się bić. Czerwone maki na Monte Cassino
21%
Hej, kto Polak, na bagnety! Warszawianka
21%
I kto szablę mógł utrzymać, ten formował legion, wojsko... Żeby Polska była Polską
15%
Hej, strzelcy wraz, nad nami Orzeł Biały! Hej strzelcy wraz
8%
Za Katyń i Grodno, za Wilno i Lwów - odpowie czerwona hołota! Nie chcemy komuny
7%
Nie znaleziono quizów pasujących do podanych kryteriów
Rozkład punktacji
Procent ludzi z każdym wynikiem
Percentyl według liczby udzielonych odpowiedzi
Twoja historia wyników
Nie rozwiązałeś tego quizu